| 000 | 01098 a2200253 4500 | ||
|---|---|---|---|
| 999 |
_c2057 _d2057 |
||
| 020 | _a082136197X | ||
| 020 | _a9780821361979 | ||
| 050 | 0 | 0 | _aHF1532.7 FRO 2005 |
| 100 |
_aBroadman, Harry G. _eeditor |
||
| 245 | 0 | 0 |
_aFrom disintegration to reintegration : _bEastern Europe and the former Soviet Union in international trade / _cedited by Harry G. Broadman. |
| 264 |
_aWashington _bThe World Bank _c2005 |
||
| 300 |
_axxv, 414 p. : _bill., col. map ; |
||
| 500 | _aMap on p. [2] of cover. | ||
| 504 | _aIncludes bibliographical references (p. 385-400) and index. | ||
| 650 |
_aCommercial Policy _xCommerce |
||
| 651 | 0 | _aEurope, Eastern | |
| 651 | 0 | _aFormer Soviet republics | |
| 651 | 0 | _aEurope, Eastern | |
| 651 | 0 | _aFormer Soviet republics | |
| 700 | 1 |
_aBroadman, Harry G. _eeditor |
|
| 856 | 4 | 1 |
_3Table of contents only _uhttp://www.loc.gov/catdir/toc/fy0608/2005056815.html |
| 942 |
_2lcc _cBK _h1532.7 _iFRO _kHF |
||